000 00830nam a2200277 4500
001 6988
003 BD-RjUL
005 20211208234341.0
008 140113s1975 enk 001 0 eng d
020 _a0347010830
035 _a(BD-RjUL)7030
_aCURL 050347010830(Lon) from atc116
040 _aBD-RjUL
_beng
_cBD-RjUL
_dBD-RjUL
041 _aeng
082 _a370.91724
_218
_bDAE 1975
100 1 _aD'Aeth, Richard,
_d1912-2008.
_921908
245 1 0 _aEducation and development in the Third World /
_cRichard D'Aeth
260 _aFarnborough :
_bSaxon House,
_c1975
300 _avii, 127 p. ;
_c24 cm
490 1 _aSaxon House studies
504 _aIncludes index
650 0 _aEducation
_zDeveloping countries
_921909
830 0 _aSaxon House studies
_937292
942 _2ddc
_cBK
999 _c6988
_d6988